00756cam a2200205 a 450000100100000000500170001000800410002702000150006804000230008308200200010610000730012624500600019926000340025930000210029365000260031465000380034091000340037895201230041299900150053500000908920200929161502.0950912s1995 sp 001 j spa  a8420481564 aDO-SdBNPcDLCdDLC aCu863.44bC117d1 aCabrera Infante, G.q(Guillermo Cabrera Infante),d1929-2005.92373810aDelito por bailar el chachachá /cG. Cabrera Infante. aMadrid :bSantillana,cc1995. a100 p. ;c23 cm. 4aCuentos cubanos91482 4aLiteratura cubanaySIGLO XX99186 aCatalogación por copia / LC 001052708MOaGRbGRcCTd2009-09-26iLF1l0oCu863.44 C117dp9089-10r2020-06-25w2020-06-25y2ZPréstamo interno c8853d8853